000 00760nam a22002057a 4500
999 _c18679
_d18679
005 20251125232909.0
008 s2544 th tha d
020 _a9748056503
040 _aNALT
041 _atha
245 1 0 _aการวิเคราะห์การทำงานขององค์กรอิสระ
260 3 _aกรุงเทพฯ :
_bวัฒนาพานิช,
_c2544
300 _a172 หน้า ;
_b 21 ซม.
650 0 4 _aองค์กรอิสระ -- ไทย
850 _aNALT
856 4 0 _uhttps://hdl.handle.net/20.500.14156/302539
_71
942 _cLB
_2lcc
_01
998 _j25
_k นีลวัสน์ อินทรักษา
090 _aKE141 พ343ก 2544